[Event "Nakhchivan Open 2015"]
[Site "Nakhchivan AZE"]
[Date "2015.05.04"]
[Round "3.11"]
[White "Sevdimaliyev, Urfan"]
[Black "Gupta, Abhijeet"]
[Result "0-1"]
[WhiteElo "2459"]
[BlackElo "2625"]
[PlyCount "122"]
[EventDate "2015.05.02"]
[SourceDate "2015.02.07"]

1. e4 c5 2. c3 d5 3. exd5 Qxd5 4. d4 Nc6 5. Nf3 Bf5 6. Be3 cxd4 7. Nxd4 Nxd4 8.
Qxd4 Nf6 9. Nd2 e5 10. Qxd5 Nxd5 11. Nc4 Nxe3 12. Nxe3 Bd7 13. O-O-O Bc5 14.
Rd5 Bxe3+ 15. fxe3 f6 16. Bc4 Ke7 17. Rd2 Rac8 18. Bd5 Rc7 19. Rhd1 h5 20. h4
Bg4 21. Bf3 Be6 22. Bd5 Bxd5 23. Rxd5 Rh6 24. g3 Rg6 25. Rg1 Ke6 26. Rd8 Kf5
27. Kd2 Ke4 28. Ke2 f5 29. Kf2 Ra6 30. a3 Rb6 31. Rd2 Rb3 32. Rgd1 a5 33. Re2
Rc6 34. Rdd2 Rcb6 35. a4 g6 36. Kg2 Rc6 37. Rd1 Rc4 38. Ra1 Rb6 39. Kf2 Rd6 40.
Ree1 Rd2+ 41. Re2 Rd3 42. Ree1 Rc6 43. Re2 Rcd6 44. Rc1 Rc6 45. Rce1 Rc4 46.
Ra1 Rd7 47. Rc2 Rd6 48. Re2 Rd3 49. Ree1 Rd2+ 50. Re2 Kd3 51. Rxd2+ Kxd2 52. b4
b6 53. bxa5 bxa5 54. Rb1 Rxa4 55. Rb6 e4 56. Rd6+ Kxc3 57. Rc6+ Rc4 58. Rxg6 a4
59. Rg5 a3 60. Rxf5 a2 61. Ra5 Kb3 0-1

[Event "Nakhchivan Open 2015"]
[Site "Nakhchivan AZE"]
[Date "2015.05.04"]
[Round "3.12"]
[White "Sibashvili, Giorgi"]
[Black "Mirzoev, Azer"]
[Result "0-1"]
[WhiteElo "2361"]
[BlackElo "2552"]
[PlyCount "66"]
[EventDate "2015.05.02"]
[SourceDate "2015.02.07"]

1. Nf3 d5 2. c4 e6 3. d4 Nf6 4. e3 Be7 5. Nc3 O-O 6. Be2 b6 7. O-O Bb7 8. b3
Nbd7 9. Bb2 c5 10. cxd5 Nxd5 11. Nxd5 Bxd5 12. Rc1 Rc8 13. Ba3 Rc7 14. Bb5 a6
15. Bxd7 Qxd7 16. dxc5 bxc5 17. Ne5 Qb5 18. Nc4 a5 19. Bb2 a4 20. Qg4 f6 21. e4
Bxc4 22. Rxc4 axb3 23. Qxe6+ Rf7 24. axb3 Qxb3 25. Ba1 Bf8 26. Rfc1 Rcd7 27.
Qg4 Rd2 28. h3 h6 29. Qf5 Rd1+ 30. Kh2 Bd6+ 31. g3 Bxg3+ 32. fxg3 Rd2+ 33. Kh1
Qxg3 0-1

[Event "Nakhchivan Open 2015"]
[Site "Nakhchivan AZE"]
[Date "2015.05.05"]
[Round "4.1"]
[White "Bajarani, Ulvi"]
[Black "Pantsulaia, Levan"]
[Result "0-1"]
[WhiteElo "2500"]
[BlackElo "2615"]
[PlyCount "60"]
[EventDate "2015.05.02"]
[SourceDate "2015.02.07"]

1. d4 Nf6 2. c4 c5 3. d5 e6 4. Nc3 exd5 5. cxd5 d6 6. e4 g6 7. f4 Bg7 8. Bb5+
Nfd7 9. Be2 O-O 10. Nf3 Nb6 11. O-O Bg4 12. Ng5 Bxe2 13. Qxe2 N8d7 14. e5 dxe5
15. f5 Nf6 16. Nge4 Nxe4 17. Nxe4 Nxd5 18. Kh1 Nf4 19. Bxf4 exf4 20. Rad1 Qh4
21. f6 Bh6 22. Rd7 b6 23. Re7 Rad8 24. h3 Rd4 25. Qg4 Qxg4 26. hxg4 Ra8 27. g5
Bf8 28. Re1 Bxe7 29. fxe7 Rxe4 30. Rxe4 Re8 0-1

[Event "Nakhchivan Open 2015"]
[Site "Nakhchivan AZE"]
[Date "2015.05.05"]
[Round "4.2"]
[White "Gupta, Abhijeet"]
[Black "Bacrot, Etienne"]
[Result "1/2-1/2"]
[WhiteElo "2625"]
[BlackElo "2712"]
[PlyCount "70"]
[EventDate "2015.05.02"]
[SourceDate "2015.02.07"]

1. d4 Nf6 2. c4 e6 3. Nf3 b6 4. a3 Bb7 5. Nc3 d5 6. cxd5 exd5 7. Qa4+ c6 8. Bg5
Be7 9. Bxf6 Bxf6 10. e4 O-O 11. e5 Be7 12. Bd3 c5 13. Rd1 Qe8 14. Qc2 g6 15.
Qd2 cxd4 16. Nb5 Qd7 17. h4 Re8 18. Kf1 Bf8 19. h5 Ba6 20. Nbxd4 Bg7 21. hxg6
hxg6 22. e6 fxe6 23. Bxa6 Nxa6 24. Qd3 Bxd4 25. Rh6 Bg7 26. Qxg6 Kf8 27. Rh4
Qf7 28. Qg3 Ke7 29. Rh7 Rg8 30. Re1 Nc5 31. Ng5 Qg6 32. Qc7+ Kf6 33. Qe5+ Ke7
34. Qc7+ Kf6 35. Qe5+ Ke7 1/2-1/2

[Event "Nakhchivan Open 2015"]
[Site "Nakhchivan AZE"]
[Date "2015.05.05"]
[Round "4.3"]
[White "Mirzoev, Azer"]
[Black "Mamedov, Rauf"]
[Result "1/2-1/2"]
[WhiteElo "2552"]
[BlackElo "2658"]
[PlyCount "23"]
[EventDate "2015.05.02"]
[SourceDate "2015.02.07"]

1. d4 d5 2. Nf3 Nf6 3. c4 c6 4. e3 Bf5 5. cxd5 cxd5 6. Qb3 Qb6 7. Qxb6 axb6 8.
Nc3 Nc6 9. Bd2 h6 10. Bb5 Bd7 11. O-O e6 12. Rfc1 1/2-1/2

[Event "Nakhchivan Open 2015"]
[Site "Nakhchivan AZE"]
[Date "2015.05.05"]
[Round "4.4"]
[White "Mammadov, Zaur"]
[Black "Safarli, Eltaj"]
[Result "1/2-1/2"]
[WhiteElo "2470"]
[BlackElo "2641"]
[PlyCount "71"]
[EventDate "2015.05.02"]
[SourceDate "2015.02.07"]

1. e4 e5 2. Nf3 Nc6 3. Nc3 Nf6 4. Bb5 Bb4 5. O-O O-O 6. d3 d6 7. Ne2 Ne7 8. c3
Ba5 9. Ng3 Ng6 10. h3 a6 11. Ba4 b5 12. Bb3 c5 13. Be3 Be6 14. Re1 Rc8 15. a4
c4 16. Ba2 b4 17. cxb4 Bxb4 18. Bd2 Bxd2 19. Qxd2 cxd3 20. Bxe6 fxe6 21. Qxd3
Rc6 22. b4 Nf4 23. Qb3 Qc8 24. Re3 h6 25. Rd1 Kh7 26. b5 axb5 27. axb5 Rb6 28.
Rc3 Qb8 29. Qa3 Rxb5 30. Qxd6 Qxd6 31. Rxd6 Ra8 32. Rd2 Rb4 33. Rc5 Nxe4 34.
Nxe4 Rxe4 35. Rxe5 Rxe5 36. Nxe5 1/2-1/2

[Event "Nakhchivan Open 2015"]
[Site "Nakhchivan AZE"]
[Date "2015.05.05"]
[Round "4.6"]
[White "Sanal, Vahap"]
[Black "Kasimdzhanov, Rustam"]
[Result "1/2-1/2"]
[WhiteElo "2487"]
[BlackElo "2712"]
[PlyCount "91"]
[EventDate "2015.05.02"]
[SourceDate "2015.02.07"]

1. Nf3 Nf6 2. g3 g6 3. b3 Bg7 4. Bb2 O-O 5. Bg2 d5 6. c4 e6 7. O-O b6 8. Nc3
Bb7 9. e3 c5 10. Rc1 Nbd7 11. Qe2 dxc4 12. bxc4 Ne4 13. Rfd1 Qe7 14. d4 Rfd8
15. Ne5 Ndf6 16. Na4 Qe8 17. Qc2 cxd4 18. exd4 Rac8 19. Qb3 Nd7 20. Nd3 Nf8 21.
Ne5 Nd7 22. Nd3 Nb8 23. Ne5 Rc7 24. h4 Nc6 25. Bxe4 Na5 26. Qc2 Bxe4 27. Qxe4
Qxa4 28. d5 exd5 29. Rxd5 Rxd5 30. Qxd5 Nb7 31. h5 gxh5 32. Re1 Qa5 33. Nd3
Bxb2 34. c5 Bf6 35. Re8+ Kg7 36. Nf4 Qxc5 37. Nxh5+ Kh6 38. Qf3 Qc1+ 39. Kh2
Qc6 40. Qf5 Bg5 41. Qh3 Qd7 42. g4 Qd6+ 43. Kg2 Qd5+ 44. Kh2 Qd6+ 45. Kg2 Qd5+
46. Kh2 1/2-1/2

[Event "Nakhchivan Open 2015"]
[Site "Nakhchivan AZE"]
[Date "2015.05.05"]
[Round "4.7"]
[White "Onischuk, Vladimir"]
[Black "Gasanov, Eldar"]
[Result "1-0"]
[WhiteElo "2629"]
[BlackElo "2504"]
[PlyCount "83"]
[EventDate "2015.05.02"]
[SourceDate "2015.02.07"]

1. e4 e5 2. Nf3 Nc6 3. Bc4 Nf6 4. d3 h6 5. O-O d6 6. c3 g6 7. Bb3 Bg7 8. Re1
O-O 9. Nbd2 Na5 10. Bc2 c5 11. Nf1 Nc6 12. h3 Be6 13. Be3 Re8 14. Ng3 Rc8 15.
a3 Nd7 16. b4 b5 17. Bb3 Nb6 18. Bxe6 Rxe6 19. Qd2 Kh7 20. h4 Na4 21. h5 a5 22.
hxg6+ fxg6 23. Kh2 axb4 24. axb4 cxb4 25. cxb4 Nd4 26. Bxd4 exd4 27. Rh1 Qf8
28. Kg1 Rf6 29. Rh4 Rc7 30. Ng5+ Kh8 31. Qa2 Nc3 32. Qa8 Rc8 33. Qb7 Qg8 34.
Ra7 Rcf8 35. f4 Nd1 36. e5 dxe5 37. fxe5 Rf2 38. e6 Rb8 39. Qe4 Rf6 40. Nf7+
Rxf7 41. exf7 Qd8 42. Qxg6 1-0

[Event "Nakhchivan Open 2015"]
[Site "Nakhchivan AZE"]
[Date "2015.05.05"]
[Round "4.8"]
[White "Tiviakov, Sergei"]
[Black "Rasulov, Vugar"]
[Result "1-0"]
[WhiteElo "2662"]
[BlackElo "2508"]
[PlyCount "89"]
[EventDate "2015.05.02"]
[SourceDate "2015.02.07"]

1. e4 e5 2. Nf3 Nc6 3. Bc4 Bc5 4. c3 Nf6 5. d3 a6 6. Bb3 d6 7. h3 Ba7 8. Qe2
O-O 9. Bg5 Be6 10. Nh2 h6 11. Bh4 g5 12. Bg3 Kg7 13. Nd2 Ne7 14. h4 Ng6 15.
hxg5 hxg5 16. Bxe6 fxe6 17. O-O-O Rh8 18. Ng4 Qe7 19. Nxf6 Qxf6 20. Qg4 Rxh1
21. Rxh1 Rh8 22. Rf1 Rh6 23. Nf3 Nf4 24. Kc2 Rg6 25. Rh1 b5 26. Kd2 Bb6 27. Rh2
a5 28. Kc2 b4 29. Nd2 bxc3 30. bxc3 Rh6 31. Nf3 Rxh2 32. Bxh2 Kh6 33. Bxf4 gxf4
34. Nh2 Kh7 35. Qh5+ Qh6 36. Qf7+ Qg7 37. Qxe6 Qxg2 38. Ng4 Kg7 39. Kb3 Qf3 40.
Kc4 Qd1 41. Qd7+ Kg6 42. Qf5+ Kg7 43. Kd5 Qa4 44. Qf6+ Kg8 45. Qe7 1-0

[Event "Nakhchivan Open 2015"]
[Site "Nakhchivan AZE"]
[Date "2015.05.05"]
[Round "4.9"]
[White "Tabatabaei, M.amin"]
[Black "Baklan, Vladimir"]
[Result "1-0"]
[WhiteElo "2448"]
[BlackElo "2645"]
[PlyCount "65"]
[EventDate "2015.05.02"]
[SourceDate "2015.02.07"]

1. e4 e6 2. d4 d5 3. Nd2 Nd7 4. e5 c5 5. c3 Qb6 6. Ngf3 Ne7 7. Bd3 Nc6 8. dxc5
Qc7 9. O-O Nxc5 10. Bc2 Nxe5 11. Nxe5 Qxe5 12. Nf3 Qc7 13. Qd4 f6 14. c4 e5 15.
Qxd5 Be6 16. Qd2 Bxc4 17. Re1 Rd8 18. Qc3 Nd3 19. Ba4+ Ke7 20. Re4 Rc8 21. Be3
b5 22. Bb3 Bxb3 23. Qxb3 Qc2 24. Qd5 Qxb2 25. Rd1 Rd8 26. Rxe5+ Qxe5 27. Bc5+
Ke8 28. Qc6+ Kf7 29. Nxe5+ fxe5 30. Qc7+ Ke8 31. Qc6+ Kf7 32. Qf3+ Ke8 33. Rxd3
1-0

[Event "Nakhchivan Open 2015"]
[Site "Nakhchivan AZE"]
[Date "2015.05.05"]
[Round "4.10"]
[White "Rzayev, Bahruz"]
[Black "Hou, Yifan"]
[Result "0-1"]
[WhiteElo "2400"]
[BlackElo "2686"]
[PlyCount "82"]
[EventDate "2015.05.02"]
[SourceDate "2015.02.07"]

1. Nf3 e6 2. c4 b6 3. g3 Bb7 4. Bg2 f5 5. O-O Nf6 6. Nc3 Bb4 7. Qc2 O-O 8. a3
Bxc3 9. Qxc3 d6 10. d4 Nbd7 11. Bg5 Qe8 12. Bxf6 Nxf6 13. Nd2 Bxg2 14. Kxg2 c5
15. Rae1 Qg6 16. f3 f4 17. Qd3 cxd4 18. Qxd4 fxg3 19. hxg3 Nh5 20. Qg4 Qxg4 21.
fxg4 Nf6 22. Kh3 h6 23. Rf3 Rac8 24. Rd3 Rfd8 25. e4 Kf8 26. b3 g5 27. a4 Ke7
28. Nb1 Nd7 29. Nc3 Ne5 30. Rdd1 Rf8 31. Rf1 a6 32. Ne2 Rxf1 33. Rxf1 Rf8 34.
Rxf8 Kxf8 35. Nd4 Kf7 36. Nc2 Ke7 37. Ne3 Nd3 38. Kg2 Nc5 39. b4 Nxe4 40. Nd1
a5 41. b5 Kf6 0-1

[Event "Nakhchivan Open 2015"]
[Site "Nakhchivan AZE"]
[Date "2015.05.05"]
[Round "4.11"]
[White "Abasov, Nijat"]
[Black "Mousavi, Seyed Khalil"]
[Result "0-1"]
[WhiteElo "2523"]
[BlackElo "2351"]
[PlyCount "86"]
[EventDate "2015.05.02"]
[SourceDate "2015.02.07"]

1. d4 d5 2. Nf3 e6 3. c4 Nf6 4. Nc3 Be7 5. Bf4 O-O 6. e3 b6 7. Bd3 Bb7 8. cxd5
Nxd5 9. Nxd5 Qxd5 10. Bxc7 Na6 11. Bg3 Qa5+ 12. Kf1 Nb4 13. Be2 Nd5 14. Ne5 b5
15. Kg1 Nf6 16. Bh4 Nd5 17. Bxe7 Nxe7 18. f3 Rfd8 19. Kf2 Nf5 20. Qb3 Rac8 21.
Rhc1 a6 22. g4 Nd6 23. Nd3 Nc4 24. Ne5 Nxe5 25. dxe5 b4 26. Rxc8 Rxc8 27. f4
Bd5 28. Qd3 b3 29. a3 Rc2 30. Rd1 g6 31. Kg3 Rxb2 32. Bf3 Qc5 33. Bxd5 exd5 34.
f5 a5 35. a4 gxf5 36. gxf5 Qe7 37. e6 Qg5+ 38. Kf3 Qg2+ 39. Kf4 f6 40. Rf1
Qxh2+ 41. Kf3 Qh5+ 42. Kg3 Qg5+ 43. Kf3 Rg2 0-1

[Event "Nakhchivan Open 2015"]
[Site "Nakhchivan AZE"]
[Date "2015.05.05"]
[Round "4.12"]
[White "Romanov, Evgeny"]
[Black "Gasimov, Parviz"]
[Result "1-0"]
[WhiteElo "2613"]
[BlackElo "2497"]
[PlyCount "137"]
[EventDate "2015.05.02"]
[SourceDate "2015.02.07"]

1. c4 e5 2. g3 Nf6 3. Bg2 d5 4. cxd5 Nxd5 5. Nf3 Nc6 6. O-O Nb6 7. b3 Be7 8.
Bb2 f6 9. d3 O-O 10. Nbd2 Bg4 11. h3 Be6 12. Rc1 Qd7 13. Kh2 Rad8 14. a3 a5 15.
Qc2 Bd5 16. Rfd1 Kh8 17. Nc4 Qe6 18. Qb1 e4 19. Ng1 f5 20. e3 exd3 21. Rxd3 Be4
22. Bxe4 fxe4 23. Rxd8 Bxd8 24. Kg2 Qf5 25. Rf1 Nxc4 26. bxc4 h5 27. Qc2 Bf6
28. Rd1 Ne5 29. Rd5 c6 30. Rxa5 b6 31. Bxe5 bxa5 32. Bxf6 Rxf6 33. h4 Rd6 34.
Nh3 Qf3+ 35. Kh2 Rd1 36. Ng1 Qg4 37. Nh3 Qf3 38. Ng1 Qg4 39. Qb2 Rd8 40. Nh3
Qd1 41. Qe5 Qf3 42. Qxa5 Rf8 43. Qc5 Rf6 44. Qe5 Rf8 45. Qe7 Rc8 46. a4 Qf5 47.
a5 Qxa5 48. Qxe4 Rf8 49. Nf4 Rf6 50. Qe8+ Kh7 51. Kg2 Qf5 52. e4 Qc5 53. e5
Rxf4 54. Qxh5+ Kg8 55. gxf4 Qxc4 56. Qe8+ Kh7 57. Qh5+ Kg8 58. Qf5 Qd5+ 59. Kg3
Qb3+ 60. f3 Qe3 61. Kg4 Qg1+ 62. Kh5 Qg2 63. Qg4 Qc2 64. f5 Qc5 65. e6 Qe7 66.
Qg5 Qe8+ 67. Qg6 Qe7 68. f6 Qc5+ 69. Qg5 1-0

[Event "Nakhchivan Open 2015"]
[Site "Nakhchivan AZE"]
[Date "2015.05.06"]
[Round "5.3"]
[White "Mamedov, Rauf"]
[Black "Bajarani, Ulvi"]
[Result "0-1"]
[WhiteElo "2658"]
[BlackElo "2500"]
[PlyCount "116"]
[EventDate "2015.05.02"]
[SourceDate "2015.02.07"]

1. e4 e6 2. d4 d5 3. Nd2 c5 4. Ngf3 Nf6 5. exd5 Qxd5 6. Bb5+ Bd7 7. Bc4 Qh5 8.
Be2 cxd4 9. Nxd4 Qc5 10. Nc4 Qc7 11. O-O Be7 12. Bg5 O-O 13. Bh4 Qc8 14. c3 Rd8
15. Bd3 Be8 16. Qe2 Nc6 17. Nf3 Nd5 18. Bg3 f6 19. Rfe1 e5 20. Rad1 Bf7 21. a3
Bf8 22. a4 g6 23. Nfd2 Qc7 24. Bb1 Re8 25. Ne4 Kg7 26. Qf3 Be7 27. h4 Rad8 28.
Bh2 Nf4 29. Ne3 Rxd1 30. Rxd1 Bb3 31. Bc2 Bxc2 32. Nxc2 f5 33. Ng5 Bxg5 34.
hxg5 Ne6 35. Rd5 Nxg5 36. Qd3 Nf7 37. Rd7 Rd8 38. Rxc7 Rxd3 39. Kf1 Rd1+ 40.
Ne1 f4 41. Rxb7 Kf6 42. Rc7 Nfd8 43. b4 a6 44. f3 Ra1 45. b5 axb5 46. axb5 Ne7
47. Bg1 Ne6 48. Rd7 Nf5 49. Bf2 Ng3+ 50. Bxg3 fxg3 51. Rxh7 Nf4 52. Rd7 Ra2 53.
Nd3 Nxg2 54. Nc5 Ne3+ 55. Ke1 g2 56. Ne4+ Ke6 57. Rd6+ Kf7 58. Rd7+ Kf8 0-1

[Event "Nakhchivan Open 2015"]
[Site "Nakhchivan AZE"]
[Date "2015.05.06"]
[Round "5.5"]
[White "Safarli, Eltaj"]
[Black "Tabatabaei, M.amin"]
[Result "1-0"]
[WhiteElo "2641"]
[BlackElo "2448"]
[PlyCount "147"]
[EventDate "2015.05.02"]
[SourceDate "2015.02.07"]

1. e4 e5 2. Nf3 Nc6 3. Bb5 Nf6 4. d3 Bc5 5. c3 O-O 6. O-O Re8 7. Nbd2 a6 8. Ba4
b5 9. Bb3 d6 10. h3 h6 11. Re1 Bb6 12. Nf1 Nh5 13. Ng5 hxg5 14. Qxh5 Qf6 15.
Re2 g6 16. Qxg5 Qxg5 17. Bxg5 Na5 18. Bc2 f5 19. b4 Nc6 20. Bb3+ Be6 21. Bxe6+
Rxe6 22. a4 Rc8 23. axb5 axb5 24. Be3 Bxe3 25. Nxe3 Ne7 26. Rea2 f4 27. Nd5
Nxd5 28. exd5 Ree8 29. Ra5 c6 30. Ra6 cxd5 31. Rxd6 Rxc3 32. Rxd5 Rb3 33. Rd7
Rxb4 34. Ra6 Rb1+ 35. Kh2 b4 36. Rxg6+ Kh8 37. Rb6 b3 38. Rdb7 Rb2 39. f3 Rc8
40. Re6 Rd2 41. Rh6+ Kg8 42. Rg6+ Kh8 43. Rxb3 Rd1 44. Ra6 Rd2 45. Rh6+ Kg7 46.
Rd6 Rc7 47. Rb5 e4 48. Rg5+ Kh7 49. Rf6 exf3 50. Rxf4 Kh6 51. Rg3 Rxg2+ 52.
Rxg2 fxg2 53. Kxg2 Rc3 54. Rf3 Kg5 55. Kg3 Rc1 56. h4+ Kg6 57. d4 Rd1 58. Rf4
Re1 59. Kf3 Re8 60. Re4 Rd8 61. Ke3 Kf6 62. Re5 Rg8 63. h5 Ra8 64. Ke4 Ra1 65.
h6 Rh1 66. Kd5 Rh4 67. Re4 Rh1 68. Kd6 Kf7 69. Re7+ Kf8 70. Re6 Rh4 71. d5 Rh5
72. Kc6 Kf7 73. Re1 Rxh6+ 74. d6 1-0

[Event "Nakhchivan Open 2015"]
[Site "Nakhchivan AZE"]
[Date "2015.05.06"]
[Round "5.7"]
[White "Idani, Pouya"]
[Black "Gupta, Abhijeet"]
[Result "1/2-1/2"]
[WhiteElo "2496"]
[BlackElo "2625"]
[PlyCount "30"]
[EventDate "2015.05.02"]
[SourceDate "2015.02.07"]

1. e4 c5 2. Nf3 d6 3. d4 cxd4 4. Qxd4 Nc6 5. Bb5 Bd7 6. Qd3 Nf6 7. c4 g6 8. O-O
Bg7 9. Nc3 O-O 10. h3 a6 11. Bxc6 Bxc6 12. Nd4 Nd7 13. Be3 Rc8 14. Rac1 Nc5 15.
Qc2 Ne6 1/2-1/2

[Event "Nakhchivan Open 2015"]
[Site "Nakhchivan AZE"]
[Date "2015.05.06"]
[Round "5.8"]
[White "Paichadze, Luka"]
[Black "Mammadov, Zaur"]
[Result "1/2-1/2"]
[WhiteElo "2556"]
[BlackElo "2470"]
[PlyCount "41"]
[EventDate "2015.05.02"]
[SourceDate "2015.02.07"]

1. e4 e6 2. d4 d5 3. e5 c5 4. c3 Nc6 5. Nf3 Qb6 6. a3 Bd7 7. b4 cxd4 8. cxd4
Rc8 9. Be2 a5 10. b5 Nxd4 11. Nxd4 Rxc1 12. Qxc1 Qxd4 13. Qc3 Bc5 14. O-O Ne7
15. Ra2 b6 16. Kh1 Nf5 17. Qxd4 Bxd4 18. Bd3 Ke7 19. Bxf5 exf5 20. Rd2 Bxb5 21.
Rc1 1/2-1/2

[Event "Nakhchivan Open 2015"]
[Site "Nakhchivan AZE"]
[Date "2015.05.06"]
[Round "5.11"]
[White "Guseinov, Gadir"]
[Black "Emiroglu, Cankut"]
[Result "1-0"]
[WhiteElo "2614"]
[BlackElo "2338"]
[PlyCount "53"]
[EventDate "2015.05.02"]
[SourceDate "2015.02.07"]

1. e4 c6 2. d4 d5 3. Nd2 dxe4 4. Nxe4 Nd7 5. c3 Ngf6 6. Nxf6+ Nxf6 7. Bc4 e6 8.
Nf3 Be7 9. O-O O-O 10. Ne5 Qc7 11. Qf3 Nd7 12. Qg3 Nxe5 13. dxe5 Re8 14. Bh6
Bf8 15. Rad1 b5 16. Bb3 Bb7 17. Rd4 Rad8 18. Bxg7 Bxg7 19. Rg4 Kh8 20. Rxg7 Rg8
21. Rxg8+ Rxg8 22. Qf4 c5 23. Qf6+ Rg7 24. Rd1 Bxg2 25. Rd8+ Qxd8 26. Qxd8+ Rg8
27. Qxg8+ 1-0

[Event "Nakhchivan Open 2015"]
[Site "Nakhchivan AZE"]
[Date "2015.05.06"]
[Round "5.12"]
[White "Malakhatko, Vadim"]
[Black "Mamedjarova, Zeinab"]
[Result "1-0"]
[WhiteElo "2535"]
[BlackElo "2303"]
[PlyCount "75"]
[EventDate "2015.05.02"]
[SourceDate "2015.02.07"]

1. d4 f5 2. Nc3 d5 3. Bf4 c6 4. e3 Nf6 5. Bd3 e6 6. Nf3 Bd6 7. Ne2 O-O 8. O-O
Qe7 9. c4 Nbd7 10. a3 Kh8 11. c5 Bb8 12. Bxb8 Rxb8 13. b4 g6 14. Bc2 b6 15. Ba4
Bb7 16. Rc1 Rfc8 17. Re1 a5 18. Nf4 axb4 19. axb4 bxc5 20. bxc5 Ne4 21. Nd3 Ba6
22. Nde5 Bb5 23. Nxd7 Qxd7 24. Ne5 Qc7 25. f3 Nf6 26. Bxb5 Rxb5 27. Ra1 Ng8 28.
Ra6 Qb7 29. Qa1 Rc7 30. h3 Rb3 31. Kh2 Kg7 32. Nxc6 Kh6 33. Ne5 f4 34. exf4 Ne7
35. Nf7+ Kg7 36. Nd8 Qb4 37. Nxe6+ Kh6 38. Rb6 1-0

[Event "Nakhchivan Open 2015"]
[Site "Nakhchivan AZE"]
[Date "2015.05.07"]
[Round "6.1"]
[White "Safarli, Eltaj"]
[Black "Pantsulaia, Levan"]
[Result "1-0"]
[WhiteElo "2641"]
[BlackElo "2615"]
[PlyCount "75"]
[EventDate "2015.05.02"]
[SourceDate "2015.02.07"]

1. e4 c6 2. d4 d5 3. e5 Bf5 4. h4 Qb6 5. a4 h5 6. a5 Qc7 7. Bd3 Bxd3 8. Qxd3 e6
9. c4 Na6 10. Nf3 Ne7 11. O-O Nf5 12. cxd5 Nb4 13. Qc4 Nxd5 14. Nc3 Rd8 15. a6
b5 16. Qe2 Be7 17. Ne4 Nxh4 18. Nxh4 Bxh4 19. Nd6+ Rxd6 20. exd6 Qxd6 21. b3
Bf6 22. Ba3 b4 23. Bb2 Nc3 24. Bxc3 bxc3 25. Rfd1 Bxd4 26. Qe4 e5 27. Rxd4 Qxd4
28. Qxc6+ Ke7 29. Qc7+ Kf6 30. Ra4 Qd1+ 31. Kh2 Re8 32. Rc4 g5 33. Rxc3 g4 34.
Qxa7 Qd6 35. Qe3 e4+ 36. g3 Kg6 37. a7 f6 38. a8=Q 1-0

[Event "Nakhchivan Open 2015"]
[Site "Nakhchivan AZE"]
[Date "2015.05.07"]
[Round "6.4"]
[White "Tiviakov, Sergei"]
[Black "Malakhatko, Vadim"]
[Result "1-0"]
[WhiteElo "2662"]
[BlackElo "2535"]
[PlyCount "79"]
[EventDate "2015.05.02"]
[SourceDate "2015.02.07"]

1. e4 e5 2. Bc4 Nf6 3. d3 Bc5 4. Nf3 d6 5. c3 Nc6 6. Bb3 a6 7. h3 h6 8. Nbd2
O-O 9. Nf1 d5 10. Qe2 Re8 11. g4 Be6 12. Ng3 Nh7 13. Bc2 b5 14. exd5 Bxd5 15.
Ne4 Bd6 16. Be3 Ne7 17. O-O-O Ng6 18. Kb1 Nf4 19. Qd2 Ng2 20. Rhg1 Bxe4 21.
dxe4 Nxe3 22. Qxe3 Ng5 23. Nxe5 Rxe5 24. f4 Re8 25. e5 Qf6 26. h4 Bxe5 27. fxe5
Qf3 28. Qe1 Ne6 29. Be4 Qf4 30. Bxa8 Rxa8 31. Qe2 Re8 32. Rd7 Nf8 33. Rxc7 Rxe5
34. Rf1 Rxe2 35. Rxf4 f6 36. Rc8 Kf7 37. a4 Ng6 38. Rb4 Nxh4 39. axb5 axb5 40.
Rxb5 1-0

[Event "Nakhchivan Open 2015"]
[Site "Nakhchivan AZE"]
[Date "2015.05.07"]
[Round "6.5"]
[White "Mammadov, Zaur"]
[Black "Guseinov, Gadir"]
[Result "0-1"]
[WhiteElo "2470"]
[BlackElo "2614"]
[PlyCount "64"]
[EventDate "2015.05.02"]
[SourceDate "2015.02.07"]

1. e4 d6 2. d4 Nf6 3. Bd3 e5 4. c3 g6 5. Nf3 Nbd7 6. O-O Bg7 7. Nbd2 O-O 8. Re1
b6 9. Qc2 Bb7 10. Nf1 Re8 11. Bd2 exd4 12. cxd4 c5 13. Ng3 cxd4 14. Nxd4 Rc8
15. Bc3 h5 16. Nb5 Ne5 17. Nxa7 Rc5 18. b4 Rxc3 19. Qxc3 h4 20. Nf1 h3 21. Bb5
hxg2 22. Ng3 Nfg4 23. Kxg2 Qh4 24. h3 Nxf2 25. Bxe8 Qxh3+ 26. Kg1 Ned3 27.
Bxf7+ Kh8 28. Qc7 Qxg3+ 29. Kf1 Qh3+ 30. Ke2 Nf4+ 31. Kd2 Qd3+ 32. Kc1 Ne2+ 0-1

[Event "Nakhchivan Open 2015"]
[Site "Nakhchivan AZE"]
[Date "2015.05.07"]
[Round "6.6"]
[White "Gupta, Abhijeet"]
[Black "Pourramezanali, Amirreza"]
[Result "1-0"]
[WhiteElo "2625"]
[BlackElo "2432"]
[PlyCount "101"]
[EventDate "2015.05.02"]
[SourceDate "2015.02.07"]

1. d4 d5 2. c4 c6 3. Nf3 Nf6 4. Nc3 e6 5. Bg5 Nbd7 6. cxd5 exd5 7. e3 Be7 8.
Bd3 O-O 9. Qc2 Re8 10. h3 Nf8 11. Bf4 Bd6 12. Bxd6 Qxd6 13. O-O-O Be6 14. Kb1
Rac8 15. Rc1 Qb4 16. g4 c5 17. dxc5 Rxc5 18. Qa4 Qb6 19. g5 Bd7 20. Qd4 Ne6 21.
Qh4 Rxc3 22. Rxc3 Ne4 23. Bxe4 dxe4 24. Ne5 Bb5 25. Qxe4 Nxg5 26. Qf5 f6 27.
Rc8 Ne6 28. Nc4 Qa6 29. Rxe8+ Bxe8 30. Qd5 Qc6 31. e4 Bg6 32. Qxc6 bxc6 33. Nd6
Ng5 34. Kc1 Nxe4 35. Nxe4 Bxe4 36. Re1 Bd5 37. Re8+ Kf7 38. Ra8 g5 39. Rxa7+
Kg6 40. Kd2 h5 41. Ke3 h4 42. f3 f5 43. Kf2 g4 44. fxg4 fxg4 45. hxg4 Kg5 46.
a4 Kxg4 47. a5 h3 48. Rg7+ Kf5 49. Rh7 Bc4 50. Rxh3 Ke5 51. Ke3 1-0

[Event "Nakhchivan Open 2015"]
[Site "Nakhchivan AZE"]
[Date "2015.05.07"]
[Round "6.7"]
[White "Romanov, Evgeny"]
[Black "Beradze, Irakli"]
[Result "0-1"]
[WhiteElo "2613"]
[BlackElo "2310"]
[PlyCount "90"]
[EventDate "2015.05.02"]
[SourceDate "2015.02.07"]

1. d4 Nf6 2. c4 c6 3. Nc3 d5 4. Nf3 dxc4 5. a4 e6 6. e3 c5 7. Bxc4 Nc6 8. O-O
cxd4 9. Nxd4 Bd7 10. Qe2 a6 11. Nxc6 Bxc6 12. e4 Be7 13. Rd1 Qc7 14. e5 Nd7 15.
Bf4 O-O 16. Rd3 b5 17. Ba2 b4 18. Nd1 Nc5 19. Rg3 Be4 20. Bb1 Qc6 21. Qg4 g6
22. Bxe4 Qxe4 23. Re3 Qd4 24. Qf3 Rfd8 25. h3 Qd5 26. b3 Qxf3 27. Rxf3 Rd3 28.
Rxd3 Nxd3 29. Bh6 Rc8 30. Ne3 Rc3 31. Ng4 Rxb3 32. Kf1 Rc3 33. Ke2 Nb2 34. Bd2
Rc8 35. a5 Nc4 36. Rc1 Rc6 37. Kd3 Nxa5 38. Rxc6 Nxc6 39. f4 a5 40. Kc4 a4 41.
Ne3 a3 42. Nc2 g5 43. g3 gxf4 44. gxf4 Kg7 45. Bc1 Na5+ 0-1

[Event "Nakhchivan Open 2015"]
[Site "Nakhchivan AZE"]
[Date "2015.05.07"]
[Round "6.8"]
[White "Mammadov, Ayaz"]
[Black "Mirzoev, Azer"]
[Result "0-1"]
[WhiteElo "2407"]
[BlackElo "2552"]
[PlyCount "144"]
[EventDate "2015.05.02"]
[SourceDate "2015.02.07"]

1. e4 c6 2. d4 d5 3. e5 Bf5 4. Nf3 e6 5. Be2 Nd7 6. O-O h6 7. Nbd2 Ne7 8. Nb3
Bh7 9. a4 Ng6 10. a5 a6 11. Be3 Be7 12. c4 O-O 13. cxd5 cxd5 14. Rc1 Re8 15. g3
Bf8 16. Ne1 Ne7 17. Nd3 Nc6 18. Bd2 Rc8 19. Bc3 Na7 20. Qd2 Nc6 21. Ra1 Bf5 22.
Rfc1 Rc7 23. Nb4 Qe7 24. Nd3 Rec8 25. Qe3 Qg5 26. f4 Qd8 27. Be1 Na7 28. Rxc7
Rxc7 29. Rc1 Rxc1 30. Qxc1 Nc6 31. Bc3 Qb8 32. Qd2 b6 33. Kf2 Qa7 34. Nb4 Ndb8
35. Nxc6 Nxc6 36. axb6 Qxb6 37. Nc1 a5 38. Bd1 Nb4 39. Ba4 Qd8 40. Qe2 g5 41.
Bd2 Qb6 42. Qe3 Be7 43. Qc3 Kg7 44. Be3 Be4 45. Bd1 Bg6 46. Ba4 g4 47. Bd1 h5
48. Kg1 Bf5 49. Bf2 Bf8 50. Be2 Be4 51. Bd1 Qb5 52. Nb3 Qa4 53. Qd2 Qa2 54. Nc5
Bf5 55. Kg2 Qb1 56. Be3 Bxc5 57. dxc5 Be4+ 58. Kf2 Nd3+ 59. Kf1 Nxb2 60. Ke1
Nd3+ 61. Kf1 Bf3 62. Qc2 Qxd1+ 63. Qxd1 Bxd1 64. c6 Ba4 65. c7 Bd7 66. Ke2 Nb4
67. Kd2 Na6 68. Kc3 Nxc7 69. Bb6 Nb5+ 70. Kb3 a4+ 71. Kxa4 Nd4+ 72. Kb4 Nf3 0-1

[Event "Nakhchivan Open 2015"]
[Site "Nakhchivan AZE"]
[Date "2015.05.07"]
[Round "6.10"]
[White "Onischuk, Vladimir"]
[Black "Sibashvili, Giorgi"]
[Result "1-0"]
[WhiteElo "2629"]
[BlackElo "2361"]
[PlyCount "59"]
[EventDate "2015.05.02"]
[SourceDate "2015.02.07"]

1. Nf3 d5 2. g3 c6 3. Bg2 Bg4 4. b3 Nd7 5. Bb2 Qc7 6. O-O e5 7. h3 Bxf3 8. exf3
O-O-O 9. d4 Bd6 10. c4 dxc4 11. d5 cxd5 12. Qxd5 Nb6 13. Qa5 Ne7 14. Rc1 Nc6
15. Qe1 Kb8 16. Nc3 Bb4 17. a3 Bxc3 18. Rxc3 Qd6 19. bxc4 Qd2 20. Qb1 Nd4 21.
Re3 Nxc4 22. Bxd4 Rxd4 23. Rb3 Na5 24. Rb2 Qd3 25. Qe1 Nc4 26. Rb4 Rc8 27. f4
e4 28. Bf1 Qd2 29. Rxc4 Rcxc4 30. Qxd2 1-0